000 00640nam a2200229Ia 4500
003 OSt
005 20220925204817.0
006 a|||||r|||| 00| 0
007 ta
008 220923b |||||||| |||| 00| 0 eng d
037 _cGeneral Book
040 _aRTL
_cRTL
_beng
041 _2eng
_aeng
082 _aY72.278.N8, M7
100 _aBhattacharjee Tarun Kumar
_9268992
245 0 _aAlluring frontiers
260 _aGuwahati
_bOmsons Publications
_c1987
300 _aix, 353p
_ccm.
650 _aTribes
_940733
942 _hY72.278.N8, M7
_cGB
_2CC
999 _c550473
_d550473